Meilleur buteur par sélection #2 - Statistiques

Statistiques générales
  • Ce quiz a été pris 175 fois
    152 depuis la dernière actualisation
  • Le résultat moyen est 7 sur 11
Statistiques - réponses
Sélection Nombre de buts Saisons Joueur % Correct
Pologne 72 (2008-) Lewandowski
95%
Uruguay 64 (2007-) Suárez
89%
Suède 62 (2001-) Ibrahimović
87%
Sénégal 30 (2012-) Mané
86%
Hongrie 84 (1945-1956) Puskás
78%
Colombie 35 (2007-) Falcao
75%
Mexique 52 (2009-) Hernández
62%
Croatie 45 (1991-2002) Šuker
57%
Suisse 42 (2001-2011) Frei
33%
Danemark 52 (1997-2010) Tomasson
6%
Danemark 52 (1910-1925) Nielsen
1%
Aucun quiz correspondant
Distribution des résultats
% des personnes avec chaque résultat
Percentile par nombre de réponses
Votre historique - résultats
Vous n’avez pas pris ce quiz depuis la dernière actualisation